000 00632nam a2200205Ia 4500
003 GCL
008 140319s9999 xx 000 0 ara d
040 _aGCL /
_cGCL
082 0 4 _a150
_bا م
100 1 _aيوسف مراد
245 1 0 _aمناهج البحث فى علم النفس ج1 /
_cيوسف مراد
700 1 _aاندروز , ت . ج .
260 _a[S.N] :
_bدار المعارف ،
_c1981
300 _a482 ص
490 _aمنشورات جماعة علم النفس التكاملى
_v0
650 0 4 _aعلم النفس
650 0 4 _aفرويد
650 0 4 _aمذاهب علم النفس
942 _2ddc
_cBK
999 _c35106
_d35106